Longchuan ji : [30 juan] /
Saved in:
| Main Author: | |
|---|---|
| Format: | Book |
| Language: | Chinese |
| Published: |
[Taipei] :
Taiwan shang wu yin shu guan,
[1983]
|
| Series: | Ying yin Wen yuan ge Si ku quan shu ;
di 1171 ce. |
| Tags: |
Add Tag
No Tags, Be the first to tag this record!
|
| LEADER | 01463cam a2200313ua 4500 | ||
|---|---|---|---|
| 001 | 007710558-3 | ||
| 005 | 20030421104525.0 | ||
| 008 | 930421s1983 ch 000 0 chi d | ||
| 035 | 0 | |a ocm27960738 | |
| 040 | |a CLU |c CLU |d *YNH* |d CStRLIN | ||
| 100 | 1 | |6 880-01 |a Chen, Liang, |d 1143-1194. | |
| 245 | 1 | 0 | |6 880-02 |a Longchuan ji : |b [30 juan] / |c (Song) Chen Liang zhuan. |
| 260 | |6 880-03 |a [Taipei] : |b Taiwan shang wu yin shu guan, |c [1983] | ||
| 300 | |a p. 497-802 ; |c 28 cm. | ||
| 490 | 1 | |6 880-04 |a Ying yin Wen yuan ge Si ku quan shu ; |v di 1171 ce | |
| 500 | |6 880-05 |a Reproduced from the collection in possession of Guo li gu gong bo wu yuan. | ||
| 500 | |a Each page represents 2 leaves of the original. | ||
| 500 | |6 880-06 |a Series title on cover and spine: Ying yin Wen yuan ge Si ku quan shu. Ji bu 110, Bie ji lei. | ||
| 501 | |a With: other 7 titles. | ||
| 880 | 1 | |6 100-01 |a 陳亮, |d 1143-1194. | |
| 880 | 1 | 0 | |6 245-02 |a 龍川集 : |b [30卷] / |c (宋) 陳亮撰. |
| 880 | |6 260-03 |a [Taipei] : |b 臺灣商務印書館, |c [1983] | ||
| 880 | 1 | |6 490-04 |a 景印文淵閣四庫全書 ; |v 第1171册 | |
| 880 | |6 500-05 |a Reproduced from the collection in possession of 國立故宮博物院. | ||
| 880 | |6 500-06 |a Series title on cover and spine: 景印文淵閣四庫全書. 集部110, 別集類. | ||
| 830 | 0 | |6 880-54 |a Ying yin Wen yuan ge Si ku quan shu ; |v di 1171 ce. | |
| 880 | 0 | |6 830-54 |a 景印文淵閣四庫全書 ; |v 第1171册. | |
| 988 | |a 20021103 | ||
| 906 | |0 OCLC | ||


